000 nam a22 a 4500
999 _c103457
_d103457
003 BLK
005 20220624085113.0
008 180409b bul|||||r ||||||| ||bul||
010 _aKNG00108531000
040 _aBLK
041 _aBUL
_cBUL
080 _aБългарска литература
_b821.163.2
_x-1
_z821.163.2-1
100 1 _aФотев, Христо Константинов
_eпърви автор
_9368203
139 _aФотев, Христо Константинов
_bФ 74
245 1 0 _aПристанище
_bстихотворения
_cХристо Константинов Фотев.
257 _aBGR
260 _bДърж. изд.
_c1969
_aВарна
300 _a88 с.
_c21 см
380 _aX
852 _aЦб 51840
856 4 _qpdf
856 4 _qpdf
942 _cKNG
_n0
_s1
944 _aCR
_c20.02.2018
_kКети_Илиева
944 _aED
_c20.02.2018
_kКети_Илиева
999 _d103457